00486nam a2200157 a 450000100100000000500170001000800410002704000250006808200150009310000290010824500670013725000340020426000290023830000200026750400410028700001696220200929165008.0100312s2001 dr 000 0 spa d aDO-SdBNPbspacBNPHU axxxbA347m1 aAlcántara C., Emeterio10aManual para mejorar la ortografía /cEmeterio Alcántara C. a3ra. ed. Revisada y Corregida aSanto DomingofVMc2001. a95 p. ;c28 cm. aIncluye referencias bibliográficas